<?xml version="1.0" encoding="UTF-8"?>
<record
    xmlns:xsi="http://www.w3.org/2001/XMLSchema-instance"
    xsi:schemaLocation="http://www.loc.gov/MARC21/slim http://www.loc.gov/standards/marcxml/schema/MARC21slim.xsd"
    xmlns="http://www.loc.gov/MARC21/slim">

  <leader>00332nam a2200109 a 4500</leader>
  <controlfield tag="005">20201002061755.0</controlfield>
  <controlfield tag="008">190805s1983                  000   spa d</controlfield>
  <datafield tag="100" ind1=" " ind2=" ">
    <subfield code="a">Berg&#xE9;s, Manuel</subfield>
    <subfield code="9">76542</subfield>
  </datafield>
  <datafield tag="245" ind1=" " ind2="0">
    <subfield code="a">Resumen del anteproyecto de c&#xF3;digo de comercio de la Rep&#xFA;blica Dominicana.</subfield>
  </datafield>
  <datafield tag="260" ind1=" " ind2=" ">
    <subfield code="a">Santo Domingo,</subfield>
    <subfield code="c">1983.</subfield>
  </datafield>
  <datafield tag="999" ind1=" " ind2=" ">
    <subfield code="c">48739</subfield>
    <subfield code="d">48739</subfield>
  </datafield>
  <datafield tag="040" ind1=" " ind2=" ">
    <subfield code="a">DO-SdBNP</subfield>
  </datafield>
</record>
